| 000 | 00481nam a2200169Ia 4500 | ||
|---|---|---|---|
| 999 |
_c27808 _d27808 |
||
| 003 | OSt | ||
| 005 | 20210101152800.0 | ||
| 008 | 190216s9999||||xx |||||||||||||| ||und|| | ||
| 040 | _coclc | ||
| 082 |
_a894.812102 _bELA/C |
||
| 100 |
_aElamkovatikal _97484 |
||
| 245 | 0 |
_aChilappathikaram / _cElamkovatikal |
|
| 260 |
_bSahithya Accadamy, _c1986. _aTrissur: |
||
| 300 | _a688p | ||
| 650 | _aKavitha | ||
| 942 |
_cBK _2ddc _h894.812102 _iELA/C _k894.812102 _mELA/C |
||